Welcome to the Holygrace Academy Library

Please use search bar below to get started

THE CSE OF THE HUNGRY STRANGER (Record no. 2798)

MARC details
000 -LEADER
fixed length control field 00409nam a22001577a 4500
020 ## - INTERNATIONAL STANDARD BOOK NUMBER
ISBN 0-06-444026-5
082 ## - DEWEY DECIMAL CLASSIFICATION NUMBER
Classification number 823
Item number BON/C
100 ## - MAIN ENTRY--AUTHOR NAME
Personal name BONSALL, CROSBY
245 ## - TITLE STATEMENT
Title THE CSE OF THE HUNGRY STRANGER
Remainder of title SHORT STORY
246 ## - VARYING FORM OF TITLE
Title proper/short title THE CSE OF THE HUNGRY STRANGER
Remainder of title SHORT STORY
260 ## - PUBLICATION, DISTRIBUTION, ETC. (IMPRINT)
Place of publication USA
Name of publisher HARPER COLLINS PUBLISHERS
Year of publication 1992
300 ## - PHYSICAL DESCRIPTION
Number of Pages 64
520 ## - SUMMARY, ETC.
Summary, etc SHORT STORY
650 ## - SUBJECT ADDED ENTRY--TOPICAL TERM
Topical Term SHORT STORY
942 ## - ADDED ENTRY ELEMENTS (KOHA)
Koha item type Books
Holdings
Withdrawn status Lost status Collection code Home library Current library Shelving location Date acquired Source of acquisition Full call number Accession Number Koha item type
    Fiction Main Library Main Library SHELF 4-E RCHIE & ILLUSTRATED CLASSICS 12/05/2009 Purchase 823 BON/C 04510 Books